| 000 | 00000nam##2200000za#4500 |
| 001 | 9.608193 |
| 003 | CaOODSP |
| 005 | 20210624213513 |
| 007 | cr ||||||||||| |
| 008 | 150406|2005||||xxc|||||o f|0| 0 fre|d |
| 040 | |aCaOODSP|bfre |
| 043 | |an-cn--- |
| 086 | 1 |aSC102-2/11-2005F-MP3 |
| 110 | 2 |aÉcole de la fonction publique du Canada. |
| 245 | 10|aPréciser comment accomplir une tâche. Fichier audio |h[ressource électronique] |
| 246 | 1 |iTitre additionnel (dans la publication) : |aAuto-évaluation - Activités orales : Objectif de formation 11 |
| 260 | |aOttawa - Ontario : |bÉcole de la fonction publique du Canada |
| 300 | |aDurée : 00:27:31 |
| 490 | 1 |aProgramme de français langue seconde - Niveaux A et B. Fichier audio |vObjectif de formation 11, 2005 |
| 500 | |aTitre de l'édition imprimée et du catalogueur. Fichiers audio qui accompagnent la version imprimée (SC102-2/11-2005F) et électronique (SC102-2/11-2005F-PDF) de ce titre. Comprend des activités de mise en train et de performance d'auto-évaluation orale. |
| 590 | |a15-01-Supp|b2015-01-26 |
| 590 | |a14-52-Supp|b2014-08-22 |
| 830 | #0|aProgramme de français langue seconde - Niveaux A et B. Fichier audio ;|vObjectif de formation 11, 2005|w(CaOODSP)9.504304 |
| 856 | 40|ahttp://publications.gc.ca|qMP3|s3101 Ko|uhttps://publications.gc.ca/collections/collection_2015/efpc-csps/SC102-2-11-1-2005-fra.mp3 |
| 856 | 40|ahttp://publications.gc.ca|qMP3|s2894 Ko|uhttps://publications.gc.ca/collections/collection_2015/efpc-csps/SC102-2-11-8-2005-fra.mp3 |
| 856 | 40|ahttp://publications.gc.ca|qMP3|s2014 Ko|uhttps://publications.gc.ca/collections/collection_2015/efpc-csps/SC102-2-11-12-2005-fra.mp3 |
| 856 | 40|ahttp://publications.gc.ca|qMP3|s3433 Ko|uhttps://publications.gc.ca/collections/collection_2015/efpc-csps/SC102-2-11-13-2005-fra.mp3 |
| 856 | 40|ahttp://publications.gc.ca|qMP3|s3338 Ko|uhttps://publications.gc.ca/collections/collection_2015/efpc-csps/SC102-2-11-27-2005-fra.mp3 |
| 856 | 40|ahttp://publications.gc.ca|qMP3|s5666 Ko|uhttps://publications.gc.ca/collections/collection_2015/efpc-csps/SC102-2-11-28-2005-fra.mp3 |
| 856 | 40|ahttp://publications.gc.ca|qMP3|s7056 Ko|uhttps://publications.gc.ca/collections/collection_2015/efpc-csps/SC102-2-11-29-2005-fra.mp3 |
| 856 | 40|ahttp://publications.gc.ca|qMP3|s4199 Ko|uhttps://publications.gc.ca/collections/collection_2015/efpc-csps/SC102-2-11-34-2005-fra.mp3 |
| 856 | 40|ahttp://publications.gc.ca|qMP3|s3224 Ko|uhttps://publications.gc.ca/collections/collection_2015/efpc-csps/SC102-2-11-42-2005-fra.mp3 |
| 856 | 40|ahttp://publications.gc.ca|qMP3|s2498 Ko|uhttps://publications.gc.ca/collections/collection_2015/efpc-csps/SC102-2-11-44-2005-fra.mp3 |
| 856 | 40|ahttp://publications.gc.ca|qMP3|s15,305 Ko|uhttps://publications.gc.ca/collections/collection_2015/efpc-csps/SC102-2-11-1m-2005-fra.mp3 |
| 856 | 40|ahttp://publications.gc.ca|qMP3|s5302 Ko|uhttps://publications.gc.ca/collections/collection_2015/efpc-csps/SC102-2-11-1p-2005-fra.mp3 |
| 856 | 40|ahttp://publications.gc.ca|qMP3|s8605 Ko|uhttps://publications.gc.ca/collections/collection_2015/efpc-csps/SC102-2-11-2m-2005-fra.mp3 |
| 856 | 40|ahttp://publications.gc.ca|qMP3|s3154 Ko|uhttps://publications.gc.ca/collections/collection_2015/efpc-csps/SC102-2-11-2p-2005-fra.mp3 |
| 856 | 40|ahttp://publications.gc.ca|qMP3|s7767 Ko|uhttps://publications.gc.ca/collections/collection_2015/efpc-csps/SC102-2-11-3m-2005-fra.mp3 |
| 856 | 40|ahttp://publications.gc.ca|qMP3|s2773 Ko|uhttps://publications.gc.ca/collections/collection_2015/efpc-csps/SC102-2-11-3p-2005-fra.mp3 |
| 856 | 40|ahttp://publications.gc.ca|qMP3|s1930 Ko|uhttps://publications.gc.ca/collections/collection_2015/efpc-csps/SC102-2-11-3-2005-fra.mp3 |
| 856 | 40|ahttp://publications.gc.ca|qMP3|s2202 Ko|uhttps://publications.gc.ca/collections/collection_2015/efpc-csps/SC102-2-11-9-2005-fra.mp3 |
| 856 | 40|ahttp://publications.gc.ca|qMP3|s3156 Ko|uhttps://publications.gc.ca/collections/collection_2015/efpc-csps/SC102-2-11-35-2005-fra.mp3|yObjectif de formation 11, 2005 |